Central Library and Information Centre
Sibsagar Girls' College, Sivasagar : Assam

INTRODUCTION TO GEMOPHOLOGY (Record no. 14199)

MARC details
000 -LEADER
fixed length control field 00392cam a2200169ua 4500
008 - FIXED-LENGTH DATA ELEMENTS--GENERAL INFORMATION
fixed length control field 120102n2001 II |||gr||||Z||||||eng
040 ## - CATALOGING SOURCE
Original cataloging agency MAIN
041 ## - LANGUAGE CODE
-- English
082 ## - DEWEY DECIMAL CLASSIFICATION NUMBER
Classification number KAL
100 ## - MAIN ENTRY--PERSONAL NAME
Personal name KALE, VISWAS S.
245 ## - TITLE STATEMENT
Title INTRODUCTION TO GEMOPHOLOGY
260 ## - PUBLICATION, DISTRIBUTION, ETC.
Place of publication, distribution, etc. HYDERABAD
Name of publisher, distributor, etc. ORIENT LONGMAN
Date of publication, distribution, etc. 2001
300 ## - PHYSICAL DESCRIPTION
Extent 274:
Dimensions 22CM.
700 ## - ADDED ENTRY--PERSONAL NAME
Personal name GUPTA, AVIJIT.
942 ## - ADDED ENTRY ELEMENTS (KOHA)
Koha item type Books
Holdings
Withdrawn status Lost status Damaged status Not for loan Collection code Home library Current library Shelving location Date acquired Full call number Barcode Date last seen Copy number Price effective from Koha item type Public note
        REFGEO Central Library and Information Centre Sibsagar Girls College Central Library and Information Centre Sibsagar Girls College GEOGRAPHY BOOK RACK 14.03.2005 KAL 19108 27.02.2020 1 27.02.2020 Books V


Sibsagar Girl's College © 2020. All rights reserved.
Powered by Koha.
Maintained by Abhijit Borpuzari.